000 00468nam a2200193Ia 4500
005 20240823012944.0
008 240823s9999||||xx |||||||||||||| ||und||
020 _a81-7409-146-7
041 _aENGLISH
082 _A519.4 P3
100 _aGrewal B S
245 0 _aNumerical Methods
250 _a6th
260 _c2003
_b"Khanna Publishders,"
_aNew Delhi
500 _aTRANSFERED
650 _aNumerical Methods
_bMathematics
942 _cBK
999 _c165868
_d165868